000 00310nam a22001337a 4500
008 170927b xxu||||| |||| 00| 0 eng d
020 _a9781557984999
041 _aeng
080 _a37
100 _a47
101 _aEDU
245 _aSTUDY STRATEGIES FOR LIFELONG LEARNING
_cWEINSTEIN,C.E
942 _2udc
_cBK
999 _c30295
_d30295